Dar es Salam - Culture générale - Statistiques

Statistiques générales
  • Ce quiz a été pris 33 fois
  • Le résultat moyen est 8 sur 15
Statistiques - réponses
Information Réponse % Correct
Océan qui borde la ville Océan Indien
96%
Religion de la majorité de ses habitants Islam
93%
Citez une des deux langues les plus courantes Swahili / Anglais
81%
Pays dont elle est la plus grande ville Tanzanie
78%
Nouvelle capitale du pays, qui remplaça Dar es Salam en 1996 Dodoma
67%
Archipel connu pour son commerce d'esclaves et d'épices, à 50km en face de la ville Zanzibar
63%
Aléa climatique face auquel la ville est de plus en plus confronté, surtout en saison de pluie Inondations
59%
Ce que signifie le nom de la ville en arabe Maison de la {Paix}
56%
Club de football le plus populaire d'Afrique subsaharienne, son nom veux dire lion, comme un personnage du Roi Lion Simba SC
52%
Écrivian britannique, connu pour Matilda ou Charlie et la Chocolaterie qui y a travaillé pour de sombres compagnies pétrolières dans les années 1930 Roald Dahl
44%
Forme d'art qu'est le ,Tingatinga, originaire de la ville et qui a la cote chez les touristes Peinture
41%
Guerre dans laquelle ont combattu les soldats pour qui le Monument aux askaris a été érigé Première guerre mondiale
37%
Aliments vendus dans un grand marché à Kivukoni Marché aux {poissons}
33%
Grande plage au nom de fruit tropical qui peut attirer foule {Coco} Beach
26%
Homme politique socialiste et premier président, il donne entre autres son nom à un nouveau long pont routier Julius Nyerere
11%
Aucun quiz correspondant
Distribution des résultats
% des personnes avec chaque résultat
Percentile par nombre de réponses
Votre historique - résultats
Vous n’avez pas pris ce quiz